| 000 | 00455nam a22001577a 4500 | ||
|---|---|---|---|
| 003 | OSt | ||
| 008 | 260428b |||||||| |||| 00| 0 eng d | ||
| 082 |
_a634.44 _bA25C |
||
| 100 | _aAhamad, Samid | ||
| 245 | _aA Comparative Study on Beverages of Hybrid Mango (Mangifera Indica Linn.) CVS. Mallika & Amrapali | ||
| 260 |
_aPusa, Samastipur _bRAU _c1994 |
||
| 300 | _a84P. | ||
| 502 |
_bMsc. _d1994 |
||
| 650 | _aFruit and Fruit Technology | ||
| 942 |
_2ddc _cT |
||
| 999 |
_c50226 _d50226 |
||